| 000 | 00531nam a2200193 b 4500 | ||
|---|---|---|---|
| 003 | 3228 | ||
| 005 | 20260324151328.0 | ||
| 008 | 210817s9999 xx e 000 1 AFR d | ||
| 020 | _a0799320331 (softback) | ||
| 040 |
_aMPL _beng _c3228 _erda |
||
| 041 | _aAfrikaans | ||
| 082 | _aAF VANB | ||
| 100 |
_a Van Bergen, Maryna _9106765 _eauthor |
||
| 245 | 0 |
_aLiefdesduet / _cAuthor: Maryna van Bergen |
|
| 250 | _aFirst print | ||
| 260 |
_aPretoria _bJ.P van der Walt _c© 1994 |
||
| 300 |
_a167 pages : _c21 cm |
||
| 942 |
_cBK _2ddc _y245 _zIzakina Blanche |
||
| 999 |
_c215726 _d215727 |
||